000 00441nam a2200181Ia 4500
001 23886
005 20260414151007.0
008 260414t2023||||xx |||||||||||||| ||spa||
041 _aESP
082 _a720.4709
_bP86
100 _aPrieto, Eduardo,
_eAUT
245 0 _aHistoria medioambiental de la arquitectura
_b
260 _c2023
300 _a449 páginas :
_c23 cm.
650 _aABD
654 _aCAU
942 _cLIB
_dJUS
_fJUS
_2ddc
_n
999 _c23886
_d23886